Sports Quiz

Random Sports or Letter Quiz

Tennis Players A-Z Quiz Stats

Quiz Updated Sep 21, 2015

Challenge
Share
Tweet
Score 0/24 Timer 04:00
9 Plays Today
% Correct
FRoger Federer
96%
AAndre Agassi
95.9%
WSerena Williams
94.7%
DNovak Djokovic
87.2%
BBjörn Borg
86.8%
SMaria Sharapova
85.6%
GSteffi Graf
83.2%
MJohn McEnroe
81.8%
RAndy Roddick
80.9%
NMartina Navratilova
77%
HMartina Hingis
73.4%
TJo-Wilfried Tsonga
73%
% Correct
EChris Evert
65.6%
LIvan Lendl
63.5%
JJelena Janković
57.1%
IGoran Ivanišević
51.5%
CMargaret Court
43.5%
QSam Querrey
43.2%
KGustavo Kuerten
43%
YMikhail Youzhny
34.8%
PMary Pierce
34.2%
VGuillermo Vilas
29.6%
ZVera Zvonareva
23.6%
OManuel Orantes
13%

You're not logged in!

Compare scores with friends on all Sporcle quizzes.
Join for Free
OR
Log In

You Might Also Like...

Show Comments

Extras

Top Quizzes Today


Score Distribution

Your Account Isn't Verified!

In order to create a playlist on Sporcle, you need to verify the email address you used during registration. Go to your Sporcle Settings to finish the process.

Report this User

Report this user for behavior that violates our Community Guidelines.

Details: